Normal view
MARC view
Entry Personal Name
001 - CONTROL NUMBER
- control field: 19407
003 - CONTROL NUMBER IDENTIFIER
- control field: dpl
005 - DATE AND TIME OF LATEST TRANSACTION
- control field: 20100910122054.0
008 - FIXED-LENGTH DATA ELEMENTS
- fixed length control field: 100910|||a|||||| | ||| d
040 ## - CATALOGING SOURCE
- Original cataloging agency: dpl
- Transcribing agency: dpl
100 ## - HEADING--PERSONAL NAME
- Personal name: Bhatiya, Satish
670 ## - SOURCE DATA FOUND
- Source citation: Work cat.: (dpl): Suman Kalyanpur 1184, Boond jo ban gayi moti :, 1967
670 ## - SOURCE DATA FOUND
- Source citation: Work cat.: (dpl): Suman Kalyanpur 1184, Boond jo ban gayi moti :, 1967
